<?xml version="1.0" encoding="UTF-8"?>
<marc:record xmlns:marc="http://www.loc.gov/MARC21/slim">
   <marc:leader>00000nam a2200000 a 4500</marc:leader>
   <marc:datafield ind1="1" ind2=" " tag="100">
      <marc:subfield code="a">Leatherdale, Julian</marc:subfield>
      <marc:subfield code="4">aut</marc:subfield>
      <marc:subfield code="e">Verfasser/-in</marc:subfield>
   </marc:datafield>
   <marc:datafield ind1="1" ind2=" " tag="100">
      <marc:subfield code="a">Kinkel, Silvia</marc:subfield>
      <marc:subfield code="4">trl</marc:subfield>
      <marc:subfield code="e">Übersetzer/-in</marc:subfield>
   </marc:datafield>
   <marc:datafield ind1=" " ind2=" " tag="653">
      <marc:subfield code="a">Australien</marc:subfield>
   </marc:datafield>
   <marc:datafield ind1=" " ind2=" " tag="653">
      <marc:subfield code="a">Blue Mountains</marc:subfield>
   </marc:datafield>
   <marc:datafield ind1=" " ind2=" " tag="653">
      <marc:subfield code="a">Familiengeschichte</marc:subfield>
   </marc:datafield>
   <marc:datafield ind1=" " ind2=" " tag="653">
      <marc:subfield code="a">Geheimnis in der Vergangenheit</marc:subfield>
   </marc:datafield>
   <marc:datafield ind1=" " ind2=" " tag="653">
      <marc:subfield code="a">Schicksal zweier Familien</marc:subfield>
   </marc:datafield>
   <marc:datafield ind1=" " ind2=" " tag="653">
      <marc:subfield code="a">Fiktionale Darstellung</marc:subfield>
   </marc:datafield>
   <marc:datafield ind1=" " ind2=" " tag="653">
      <marc:subfield code="a">Erzählende Literatur: Gegenwartsliteratur ab 1945</marc:subfield>
   </marc:datafield>
   <marc:datafield ind1="0" ind2="0" tag="245">
      <marc:subfield code="a">Das Mädchen, das unsere Herzen brach</marc:subfield>
   </marc:datafield>
   <marc:datafield ind1="0" ind2="0" tag="245">
      <marc:subfield code="b">Roman</marc:subfield>
   </marc:datafield>
   <marc:datafield ind1="0" ind2="0" tag="245">
      <marc:subfield code="c">Julian Leatherdale ; aus dem Englischen von Silvia Kinkel</marc:subfield>
   </marc:datafield>
   <marc:datafield ind1=" " ind2="1" tag="264">
      <marc:subfield code="a">Hamburg</marc:subfield>
      <marc:subfield code="b">HarperCollins</marc:subfield>
   </marc:datafield>
   <marc:datafield ind1="1" ind2=" " tag="490">
      <marc:subfield code="a">HarperCollins</marc:subfield>
      <marc:subfield code="v">100027</marc:subfield>
   </marc:datafield>
   <marc:datafield ind1=" " ind2=" " tag="250">
      <marc:subfield code="a">1. Auflage</marc:subfield>
   </marc:datafield>
   <marc:datafield ind1="1" ind2=" " tag="520">
      <marc:subfield code="a">Angaben aus der Verlagsmeldung

Das Mädchen, das unsere Herzen brach Palace Of Tears / von Julian Leatherdale

Ein heißer Sommertag 1914 in den australischen Blue Mountains: Die junge Angie ist rasend wütend. Warum darf sie nicht zur Geburtststagsfeier von Robbie Fox, ihrem dreizehnjährigen Freund? Seinen Eltern gehört das luxuriöse Hotel The Palace auf den Klippen über dem wilden Tal. Was niemand ahnt: Am Ende des Tages ist ein Kind tot. Und The Palace wird zum Palast der Tränen.

2013: Eine alte Frau liegt im Sterben. Immer wieder murmelt sie die Worte: „Was geschah mit Angie, dem Mädchen, das unsere Herzen brach?“ Ihre Tochter Lisa hatte nie ein einfaches Verhältnis zu Monika. Diese Angie scheint der Schlüssel zum Herz ihrer Mutter zu sein. Die junge Frau beginnt, nach ihr zu suchen. Was sie findet, ist ein bewegendes Familienschicksal, eine Geschichte von Leidenschaft und Liebe, von Geheimnissen und Verrat - und den Weg zur Versöhnung

„Wunderschön und poetisch.“

The Australian Women’s Weekly

„Das Mädchen, das unsere Herzen brach“ ist mit Erfahrung und Können geschrieben.“

JB Books

„Dieser Roman sticht heraus aus den gegenwärtigen historischen Romanen, weil der Autor mit seinem enzyklopädischen Wissen und seinem ganz eigenen, faszinierenden Stil eine wunderbare Geschichte erzählt.“

Media and Culture

„Der Roman, wie das luxuriöse Hotel, das er feiert, ist gefüllt mit Details, großen Liebesgeschichten, Tragödien, Geheimnissen, Kunst, Skandalen, Ruhm und Buschfeuern.“

Books and Publishing, Joanne Shiells
</marc:subfield>
   </marc:datafield>
   <marc:datafield ind1=" " ind2=" " tag="020">
      <marc:subfield code="a">9783959670395</marc:subfield>
      <marc:subfield code="9">9783959670395</marc:subfield>
   </marc:datafield>
   <marc:datafield ind1=" " ind2=" " tag="020">
      <marc:subfield code="a">3959670397</marc:subfield>
      <marc:subfield code="9">3959670397</marc:subfield>
   </marc:datafield>
   <marc:datafield ind1=" " ind2=" " tag="041">
      <marc:subfield code="a">ger</marc:subfield>
   </marc:datafield>
   <marc:datafield ind1=" " ind2=" " tag="300">
      <marc:subfield code="a">512 Seiten</marc:subfield>
   </marc:datafield>
</marc:record>
